MARC

LEADER 00000nam0a2200000 4500
001 326216
005 20231102003835.0
035 |a (RuTPU)RU\TPU\book\351851 
090 |a 326216 
100 |a 20161220d1931 m y0rusy50 ca 
101 0 |a rus 
102 |a RU 
105 |a a z 001zy 
200 1 |a Крепление очистных работ  |e первый концентр  |f Г. П. Бакинов 
210 |a Ленинград  |c Государственное научно-техническое изд-во  |d 1931 
215 |a 80 с.  |c ил. 
225 1 |a Заочная подготовка промкадров 
606 1 |a Очистные выработки  |2 stltpush  |3 (RuTPU)RU\TPU\subj\47907  |9 66805 
610 1 |a крепление 
610 1 |a горные породы 
610 1 |a деревянные материалы 
610 1 |a очистные работы 
610 1 |a мощные пласты 
610 1 |a очистные пространства 
610 1 |a выбивка 
675 |a 622.284  |v 4 
700 1 |a Бакинов  |b Г. П. 
801 1 |a RU  |b 63413507  |c 20161220 
801 2 |a RU  |b 63413507  |c 20200709  |g RCR 
942 |c BK